| 000 | 00762nam#a22002655a#4500 | ||
|---|---|---|---|
| 001 | 2120 | ||
| 008 | 130627s2011####ag#a###g######001#0#spa#d | ||
| 245 | 1 | 0 |
_aReglamento de atletismo : _b2011 / _cedición autorizada por la Confederación Argentina de Atletismo. |
| 250 | _a1ª ed. | ||
| 260 |
_aBuenos Aires : _bStadium, _c2011. |
||
| 300 |
_a166 p. : _bil. byn. ; _c17 cm. |
||
| 490 | 0 |
_aReglamentos ; _vno. 1 |
|
| 020 | _a9789505312610 | ||
| 110 | 2 |
_aConfederación Argentina de Atletismo, _erevisor. _4rev |
|
| 080 | _a796.42(060.13) | ||
| 084 | _aR35 | ||
| 653 | _aAtletismo | ||
| 653 | _aReglamentos | ||
| 653 | _aDeporte | ||
| 653 | _aEducación física | ||
| 040 |
_aAR-ClEAG _cAR-ClEAG |
||
| 005 | 20241107184734.0 | ||
| 003 | AR-ClEAG | ||
| 942 | _cBK | ||
| 999 |
_c2120 _d2120 |
||
| 980 |
_62 _aEvangelina Gallicchio _82 _gEvangelina Gallicchio |
||